000 00588nam a2200229Ia 4500
003 OSt
005 20220928101744.0
006 a|||||r|||| 00| 0
007 ta
008 220927b |||||||| |||| 00| 0 eng d
024 _a50664
037 _cTextual
040 _aSDCL
_cSDCL
_beng
041 _2eng
_aeng
082 _aR3xK46:g, L5
100 _aHosteer John
_9394804
245 0 _aLeibniz's moral philosophy.
260 _aLondon
_bDuckworth
_c1975
300 _a122p.
_ccm.
942 _hR3xK46:g, L5
_cTEXL
_2CC
999 _c710410
_d710410